|
|
|
|
| LEADER |
00000csc a2200000 a 4500 |
| 001 |
93056 |
| 005 |
20230308215446.0 |
| 008 |
000000|1946 ||||||||r|||||||||||spa|| |
| 040 |
|
|
|b spa
|
| 041 |
1 |
|
|a spa
|
| 082 |
0 |
|
|a 342
|
| 100 |
1 |
|
|a Muñoz, Luis
|9 94692
|
| 245 |
|
|
|a Comentarios al código civil para el distrito y territorios federales
|b de 30 de agosto de 1928
|c Luis Muñoz
|h imp
|n v. 1
|
| 264 |
|
|
|a México
|b Ediciones Lex
|c 1946
|
| 300 |
|
|
|a páginas: irreg.
|c 23,5 cm
|
| 490 |
|
|
|a Biblioteca Lex de Derecho y Ciencias Sociales
|
| 520 |
3 |
|
|a "Antecedentes.- Concordancias.- Legislación conexa.- Jurisprudencia.- Prontuario e Indices."
|
| 650 |
|
|
|a Codigo civil
|9 7587
|
| 650 |
|
|
|a Lelgislacion conexa
|9 302535
|
| 650 |
|
|
|a Jurisprudencia
|9 16619
|
| 852 |
|
|
|a UC-CDJBV
|c ESTANTERIA CERRADA
|f Compra
|k mariana.feican
|l 1
|m General
|p 00000000
|r 2
|t 93056
|b 0
|d CDRC
|e CDRC
|g 342 ESTANTERIA CERRADA
|z 0000-00-00
|
| 942 |
|
|
|
| 999 |
|
|
|c 130872
|d 130872
|